Face2face : (Record no. 10212)
[ view plain ]
| 000 -LEADER | |
|---|---|
| fixed length control field | 01392cam a2200337 a 4500 |
| 001 - CONTROL NUMBER | |
| control field | 14146987 |
| 005 - DATE AND TIME OF LATEST TRANSACTION | |
| control field | 20201128013431.0 |
| 008 - FIXED-LENGTH DATA ELEMENTS--GENERAL INFORMATION | |
| fixed length control field | 051019s2006enka es 000 0 eng d |
| 010 ## - LIBRARY OF CONGRESS CONTROL NUMBER | |
| LC control number | 2005283162 |
| 020 ## - INTERNATIONAL STANDARD BOOK NUMBER | |
| International Standard Book Number | 9780521673174 |
| 020 ## - INTERNATIONAL STANDARD BOOK NUMBER | |
| International Standard Book Number | 0521673178 |
| 035 ## - SYSTEM CONTROL NUMBER | |
| System control number | (OCoLC)ocm61808524 |
| 040 ## - CATALOGING SOURCE | |
| Original cataloging agency | CU3SL |
| Transcribing agency | CU3SL |
| Modifying agency | DLC |
| -- | DLC |
| 050 00 - LIBRARY OF CONGRESS CALL NUMBER | |
| Classification number | PE1128 |
| Item number | .F23 2005 |
| 082 00 - DEWEY DECIMAL CLASSIFICATION NUMBER | |
| Classification number | 428.24 |
| Edition number | 22 |
| Item number | TIM |
| 245 00 - TITLE STATEMENT | |
| Title | Face2face : |
| Remainder of title | Elementary and Pre- intermediate DVD / |
| Statement of responsibility, etc | Nicholas Tims [et. al.]. |
| 246 3# - VARYING FORM OF TITLE | |
| Title proper/short title | Face to face |
| 260 ## - PUBLICATION, DISTRIBUTION, ETC. (IMPRINT) | |
| Place of publication, distribution, etc | Cambridge ; |
| -- | New York : |
| Name of publisher, distributor, etc | Cambridge University Press,2006 |
| Date of publication, distribution, etc | c2006. |
| 300 ## - PHYSICAL DESCRIPTION | |
| Extent | 1 videodisc (DVD) : |
| Other physical details | sd., col. ; |
| Dimensions | 4 3/4 in. + |
| Accompanying material | booklet (23 p. ; 18 cm.) |
| 538 ## - SYSTEM DETAILS NOTE | |
| System details note | Accompanying CD-ROMs / Audio CD for Windows 98 SE, NT4, ME, 2000, XP. |
| 650 #0 - SUBJECT ADDED ENTRY--TOPICAL TERM | |
| Topical term or geographic name as entry element | English language |
| 9 (RLIN) | 13781 |
| 650 #0 - SUBJECT ADDED ENTRY--TOPICAL TERM | |
| Topical term or geographic name as entry element | English language |
| General subdivision | Grammar |
| Form subdivision | Problems, exercises, etc. |
| 9 (RLIN) | 13782 |
| 650 #0 - SUBJECT ADDED ENTRY--TOPICAL TERM | |
| Topical term or geographic name as entry element | English language |
| 9 (RLIN) | 13783 |
| 650 #0 - SUBJECT ADDED ENTRY--TOPICAL TERM | |
| Topical term or geographic name as entry element | Vocabulary |
| 9 (RLIN) | 13784 |
| 650 #0 - SUBJECT ADDED ENTRY--TOPICAL TERM | |
| Topical term or geographic name as entry element | Listening |
| 9 (RLIN) | 13785 |
| 700 ## - ADDED ENTRY--PERSONAL NAME | |
| 9 (RLIN) | 503 |
| Personal name | Tims, Nicholas |
| 856 42 - ELECTRONIC LOCATION AND ACCESS | |
| Materials specified | Publisher description |
| Uniform Resource Identifier | <a href="http://www.loc.gov/catdir/enhancements/fy0632/2005283162-d.html">http://www.loc.gov/catdir/enhancements/fy0632/2005283162-d.html</a> |
| 942 ## - ADDED ENTRY ELEMENTS (KOHA) | |
| Source of classification or shelving scheme | Dewey Decimal Classification |
| Item type | |
| Withdrawn status | Item status | Source of classification or shelving scheme | Damaged status | Not for loan | Vendor | Home library | Current library | Shelving location | Date acquired | Source of acquisition | Total Checkouts | Full call number | Barcode | Date last seen | Date last borrowed | Koha item type |
|---|---|---|---|---|---|---|---|---|---|---|---|---|---|---|---|---|
| Dewey Decimal Classification | Central Library | Central Library | Second Floor | 15/10/2008 | 1 | 428.24 RED | 000014023 | 24/08/2022 | 16/02/2009 | CD | DVD - (NB) | ||||||
| Dewey Decimal Classification | Central Library | Central Library | Second Floor | 15/10/2008 | 1 | 428.24 RED | 000014024 | 24/08/2022 | 17/09/2012 | CD | DVD - (NB) | ||||||
| Dewey Decimal Classification | Central Library | Central Library | Second Floor | 15/10/2008 | 1 | 428.24 RED | 000014025 | 24/08/2022 | 17/02/2009 | CD | DVD - (NB) | ||||||
| Dewey Decimal Classification | Central Library | Central Library | Second Floor | 15/10/2008 | 4 | 428.24 RED | 000014026 | 24/08/2022 | 10/03/2010 | CD | DVD - (NB) |